LEADER 00887nam a2200241 a 4500 001 991002936909707536 008 071015s 000 0 eng d 020 $a0262032422 035 $ab13605203-39ule_inst 040 $aDip. di Fil. Ling. e Lett.$bita 100 1 $aCollins, Chris$0302401 245 10$aLocal Economy /$cChris, Collins 260 $aMassachusetts :$bThe Mit Press ;$cc1997 300 $a146 p. :$bill ;$c24 cm 440 0$aLinguistic Inquiry Monographs /v. 29 500 $aInclude bibliographical references and index 650 4$aSintassi 907 $a.b13605203$b09-03-22$c15-10-07 912 $a991002936909707536 945 $aLE008 FL.M. (Ling.) II A 29$g1$i2008000146184$lle008$nGrimaldi$o-$pE0.00$q-$rl$s- $t0$u0$v0$w0$x0$y.i1457987x$z15-10-07 996 $aLocal Economy$91215783 997 $aUNISALENTO 998 $ale008$b15-10-07$cm$da $e-$feng$genk$h0$i0 LEADER 02020oam 2200577Ia 450 001 9910702001203321 005 20120629131834.0 035 $a(CKB)5470000002422101 035 $a(OCoLC)227844633 035 $a(EXLCZ)995470000002422101 100 $a20080512d1985 ua 0 101 0 $aeng 135 $aurbn||||||||| 181 $ctxt$2rdacontent 182 $cc$2rdamedia 183 $acr$2rdacarrier 200 10$aEvaluation of capillary reinforced composites$b[electronic resource] /$eby Samuel W. Ciardullo and Lewis J. Stoffer 210 1$aCincinnati, Ohio :$cGeneral Electric Company, Aircraft Engine Business Group ;$a[Cleveland, Ohio] :$cNational Aeronautics and Space Administration, NASA Lewis Research Center,$d[1985] 215 $a1 online resource (8 unnumbered pages, 131 pages) $cillustrations 225 1 $a[NASA contractor report] ;$vNASA CR-175061 300 $aTitle from title screen (viewed on June 29, 2012). 300 $a"September, 1985." 517 $aEvaluation of capillary reinforced composites 606 $aAircraft structures$2nasat 606 $aCapillary flow$2nasat 606 $aComposite materials$2nasat 606 $aDeicing$2nasat 606 $aHeat transfer$2nasat 606 $aIce formation$2nasat 606 $aIntake systems$2nasat 606 $aJet engines$2nasat 615 7$aAircraft structures. 615 7$aCapillary flow. 615 7$aComposite materials. 615 7$aDeicing. 615 7$aHeat transfer. 615 7$aIce formation. 615 7$aIntake systems. 615 7$aJet engines. 700 $aCiardullo$b Samuel W$01402856 701 $aStoffer$b Lewis J$01402857 712 02$aGeneral Electric Company.$bAircraft Engine Business Group. 712 02$aLewis Research Center. 801 0$bDTICE 801 1$bDTICE 801 2$bOCLCQ 801 2$bGPO 906 $aBOOK 912 $a9910702001203321 996 $aEvaluation of capillary reinforced composites$93474261 997 $aUNINA LEADER 02288nam 2200553 a 450 001 9910563050403321 005 20240922213711.0 024 7 $a10.3726/b13182 035 $a(CKB)4340000000239178 035 $a(WaSeSS)Ind00077288 035 $a(oapen)https://directory.doabooks.org/handle/20.500.12854/36151 035 $a(MiAaPQ)EBC31203151 035 $a(oapen)doab36151 035 $a(EXLCZ)994340000000239178 100 $a20130928d1995|||| || | 101 0 $ager 135 $aur||||||||||| 181 $ctxt$2rdacontent 182 $cc$2rdamedia 183 $acr$2rdacarrier 200 10$aAleksandr Pus?kins "Mednyj vsadnik" $eDeutungsgeschichte und gehalt /$fIgor Panfilowitsch 210 $aMunich, Germany $cVerlag Otto Sagner$dc1995 215 $a1 online resource (656 p.) 225 1 $aSpecimina Philologiae Slavicae ;$vSupplementband 38 311 08$a3-95479-513-2 320 $aIncludes bibliographical references. 330 $aDer "Mednyj vsadnik" wird in der Forschung seit jeher gemeinhin als eines der bedeutendsten Werke Pus?kins bezeichnet, wenn nicht gar als sein reifstes. Zumal die Vollkommenheit seiner formalen Ausgestaltung, zugleich aber auch deren Komplexita?t wird dabei ha?ufig hervorgehoben. Schon dies wu?rde dem Poem legitimerweise die fortgesetzte Aufmerksamkeit der Wissenschaft sichern, und das nicht nur in der Sowjetunion, wo natu?rlicherweise die meisten Arbeiten u?ber das Werk erschienen waren, sondern auch im westlichen Ausland. 410 0$aSpecimina philologiae Slavicae ;$vSupplementband 38. 606 $aLiterature & literary studies$2bicssc 610 $aAleksandr 610 $aArmin Knigge 610 $aAutor-Persönlichkeit 610 $aDarstellungen Peters des Großen in Dichtungen Pu?kins 610 $aDeutungsgeschichte 610 $aGehalt 610 $aMednyj 610 $aPanfilowitsch 610 $aPu?kins 610 $arussische Literatur 610 $aSowjetische Deutungen 610 $avsadnik 615 7$aLiterature & literary studies 700 $aPanfilowitsch$b Igor$f1926-$01222832 801 0$bWaSeSS 801 1$bWaSeSS 906 $aBOOK 912 $a9910563050403321 996 $aAleksandr Pus?kins "Mednyj vsadnik"$92836768 997 $aUNINA